00815nam a2200217 i 4500001001000000003000900010005001700019007000300036008003700039040003500076082003400111100003300145245009800178264006300276300002800339336002700367337003300394338002800427500008000455650006200535000008154DO-SdBPM20251209080934.0ta090915s1993 dr 000 0 spa d aDO-SdBPMbspac BPMSU erdad  4a346.729304675bM843d 20002221 aMoreno, Santa,d1962-eautor13aLa deforestación en República Dominicana y sus consecuencias jurídicas /cSanta Moreno. aSanto Domingo :bBiblioteca República Dominicana,c1993. a117 páginas ;c22 cm. 2rdacontentatextobtxt 2rdamediaasin mediaciónbn 2rdacarrieravolumenbnc aIncluye datos biográficos de la autora en la solapa de la contracubierta. 7aDeforestaciónxLegislaciónzRepública Dominicana2